000
00325nam a22001337a 4500
999
_c
7848
_d
7848
003
OSt
005
20200526151004.0
008
200526b ||||| |||| 00| 0 eng d
020
_a
9789881545244
082
_a
712HER
245
_a
Campus landscape/
_b
planning & design
260
_b
DesignMedia Publishing Limited
942
_2
ddc